00692cam a22002411 4500001001300000003000400013005001700017008004100034010001700075035002000092040003600112042001200148050002100160100005200181245005700233250001500290260004100305300001800346440002600364740002200390740002300412999001500435af 48001776 DLC20260227110851.0900330s1943 gw 000 1 ger c aaf 48001776  a(OCoLC)21288645 aYale Univ. LibrarycCUdCUdDLC apremarc00aPT1856b.E5 19431 aEichendorff, Joseph,cFreiherr von,d1788-1857.04aDie Entführung.bSchloss Dürande. Zwei Novellen. a[1. Aufl.] aGütersloh,bG. Bertelsmannc[1943] a76 p.c18 cm. 0aKleine Feldpost-Reihe4 aDie Entführung.0 aSchloss Dürande. c4706d4706